| 000 | 00506nam a22001817a 4500 | ||
|---|---|---|---|
| 003 | KOHA_MİRAKIL | ||
| 005 | 20251209114228.0 | ||
| 008 | 251209b tu ||||| |||| 00| 0 tur d | ||
| 020 | _a9789756351406 | ||
| 040 |
_aTR-AnABB _btur _cTR-AnABB |
||
| 041 | _atur | ||
| 082 |
_a020.92 _bPRO 2012 |
||
| 245 | 1 | 0 | _aProf. Dr. Nazlı Alkan'a armağan / |
| 260 |
_aAnkara : _bTürk Kütüphaneciler Derneği Ankara Şubesi, _c2012 |
||
| 300 |
_a742 sayfa ; _c42 cm |
||
| 650 | 0 | 4 | _aBiyografi |
| 942 |
_2ddc _cBK |
||
| 999 |
_c9734 _d9734 |
||
| 900 | _bGizem YORULMAZ | ||